Cities that End in L by Clue - Statistics

General Stats
  • This quiz has been taken 21,127 times
    18,324 since last reset
  • The average score is 9 of 20
Answer Stats
Clue City % Correct
Formerly known as Constantinople Istanbul
97%
Where the Beatles came from Liverpool
92%
Spelled "서울" in its native language Seoul
76%
Capital city located in a valley of the Hindu Kush mountains Kabul
61%
The "Twin City" of Minneapolis Saint Paul
58%
Located at the intersection of Switzerland, Germany, and France Basel
57%
North American city which hosted the 1976 Summer Olympics Montréal
56%
Capital of Gambia Banjul
47%
Largest city in Crimea Sevastopol
44%
English port city which lies on the River Avon near Wales Bristol
43%
Most populous city in Ecuador Guayaquil
43%
Largest German city on the Baltic Sea Kiel
34%
City in India which was the site of history's worst industrial disaster in 1984 Bhopal
32%
Main port of Cyprus Limassol
31%
Notable Colorado ski resort Vail
29%
Largest city on the island of Madeira Funchal
28%
Of all the cities in the Americas, this Brazilian city lies closest to Africa Natal
22%
Found on the west bank of the Tigris, opposite the ancient Assyrian city of Nineveh Mosul
21%
Massachusetts town that was the center of the U.S. textile industry in the 19th century Lowell
15%
The second largest city in Qatar, this suburb hosted the 2022 FIFA World Cup final Lusail
13%
No matching quizzes found
Score Distribution
Percent of People with Each Score
Percentile by Number Answered
Your Score History
You have not taken this quiz since the last reset